00874nam a2200205 a 450000100060000000300080000600500170001400800410003103500190007204000370009104100080012808200260013624502270016226000320038930000510042161000350047294200120050799900170051995201320053653476BD-RjUL20211209075951.0161016s1968 enka 000 0 eng d a(BD-RjUL)53597 aDLCcDLCdUKMdEQOdBD-RjULbeng aeng a382.954223bEAS 196810aEast Indian trade :bselected works, 17th century : a collection of five rare works published from originals in the Goldsmith's Library of Economic Literature, the University of London, by kind permission of the Librarian. aFarnborough :bGregg,c1968 a34, 58, 37, 62, 128, [36] p. :bill. ;c20 cm.20aInternational Commerce9160326 2ddccBK c53476d53476 00102ddc40708NFICaRUCLbRUCLcStackd0000-00-00eZeitlingerl0o382.954 EAS 1968r2016-10-16 00:00:00tC-2w2021-12-09yBK